| 000 | 01022 a2200217 4500 | ||
|---|---|---|---|
| 001 | 41875 | ||
| 005 | 20260407155709.0 | ||
| 008 | 260407a1978 arg spa d | ||
| 003 | AR-UNSa-BCEJYS | ||
| 040 |
_aAR-UNSa-BCEJYS _bspa _cAR-UNSa-BCEJYS |
||
| 080 |
_a16 _xLógica. Epistemología. Teoría del conocimiento |
||
| 245 | 1 | 0 |
_aLógica e introducción a la problemática filosófica _pquinto año del bachillerato |
| 250 | _a3a. ed. | ||
| 264 | 1 |
_aBuenos Aires : _bLosada _c1978 |
|
| 300 |
_a302 p. _c22 cm. |
||
| 505 | _a1. El pensamiento y la lógica - 2. Los principios lógicos - 3. El concepto - 4. El juicio - 5. La definición - 6. El razonamiento - 7. El silogismo - 8. Nociones de lógica moderna - 9. Conocimiento vulgar y conocimiento científico - 10. El método - 11. La matemática - 12. Las ciencias naturales - 13. Las ciencias del espíritu y la filosofía - 14. Metafísica - 15. Etica | ||
| 041 | _aspa | ||
| 942 | _cBK | ||
| 590 | _aniveau_biblio:m niveau_hierar:0 | ||
| 100 | 1 | _aRomero, Francisco | |
| 999 |
_c3539 _d3539 |
||